000
00236nam a2200097Ia 4500
008
240331s9999 xx 000 0 und d
082
_b
NAJ
100
_a
Jimudeen, A.M
245
0
_a
Muslimgalum kalavarach choolalum :
_b
1815-1915
942
_c
L
999
_c
3613
_d
3613